000 00287nam a22001337a 4500
008 170814b xxu||||| |||| 00| 0 eng d
020 _a9781437708172
041 _aeng
080 _a51
100 _a36
101 _aMAT
245 _aCODING EXAM REVIEW
_cBUCK.C.J
942 _2udc
_cBK
999 _c23308
_d23308